People by Picture: 1914-1945 - Statistics

General Stats
  • This quiz has been taken 143 times
  • The average score is 6 of 15
Answer Stats
Picture Hint Answer % Correct
Germany 1889-1945 Adolf Hitler
100%
Germany 1879-1955 Albert Einstein
100%
Italy 1883-1945 Benito Mussolini
100%
United Kingdom 1887-1976 Bernard Montgomery
100%
France 1890-1970 Charles de Gaulle
100%
United Kingdom 1865-1936 George V
100%
Germany 1893-1946 Hermann Goring
100%
Soviet Union 1878-1953 Joseph Stalin
100%
Japan 1901-1989 Showa Emperor
100%
United Kingdom 1874-1965 Winston Churchill
100%
United States 1890-1969 Dwight D. Eisenhower
91%
United States 1884-1972 Harry S. Truman
90%
United States 1882-1945 Franklin D. Roosevelt
89%
United States 1874-1964 Herbert Hoover
89%
Soviet Union 1870-1924 Vladimir Lenin
89%
United Kingdom 1894-1972 Edward VIII
88%
Spain 1892-1975 Francisco Franco
88%
United Kingdom 1869-1940 Neville Chamberlain
88%
Soviet Union 1879-1940 Leon Trotsky
86%
Turkey 1881-1938 Mustafa Kemal Ataturk
83%
Yugoslavia 1892-1980 Josip Broz Tito
82%
Germany 1897-1945 Joseph Goebbels
80%
Belgium 1901-1983 Leopold III
80%
Mexico 1878-1923 Pancho Villa
80%
Germany 1900-1945 Heinrich Himmler
75%
Germany 1891-1980 Karl Donitz
75%
China 1893-1976 Mao Zedong
75%
United States 1856-1924 Woodrow Wilson
75%
Soviet Union 1896-1974 Georgy Zhukov
71%
India 1869-1948 Mohandas Karamchand Gandhi
71%
France 1856-1951 Philippe Petain
71%
China 1887-1975 Chiang Kai-shek
67%
United States 1880-1964 Douglas MacArthur
67%
China/Manchukuo 1906-1967 Kangde Emperor (Puyi)
67%
Russia 1868-1918 Nicholas II
67%
Germany 1847-1934 Paul von Hindenburg
67%
United States 1899-1961 Ernest Hemingway
63%
United Kingdom 1895-1952 George VI
60%
Germany 1891-1944 Erwin Rommel
57%
Japan 1884-1948 Tojo Hideki
56%
Mexico 1879-1919 Emiliano Zapata
50%
United Kingdom (India) 1903-1950 Eric Arthur Blair (George Orwell)
50%
Ethiopia 1892-1975 Haile Selassie
50%
Vietnam 1890-1969 Ho Chi Minh
50%
Ottoman Empire 1881-1922 Ismail Enver Pasha
50%
India 1889-1964 Jawaharlal Nehru
50%
United States 1904-1967 J. Robert Oppenheimer
50%
Korea 1912-1994 Kim Il-sung
50%
Korea 1876-1949 Kim Ku
50%
Indonesia 1901-1970 Sukarno
50%
Germany 1859-1941 Wilhelm II
50%
Romania 1882-1946 Ion Antonescu
43%
Italy 1869-1947 Victor Emmanuel III
43%
United States 1872-1933 Calvin Coolidge
40%
United Kingdom 1863-1945 David Lloyd George
40%
Germany 1865-1937 Erich Ludendorff
40%
United States 1880-1959 George C. Marshall
40%
Greece 1890-1947 George II
40%
Ottoman Empire 1844-1918 Mehmed V
40%
Pakistan 1876-1948 Muhammad Ali Jinnah
40%
Belgium 1875-1934 Albert I
38%
India 1897-1945 Subhas Chandra Bose
36%
Portugal 1889-1970 António de Oliveira Salazar
33%
France 1841-1929 Georges Clemenceau
33%
United Kingdom/Canada 1891-1969 Harold Alexander
33%
United States 1902-1968 John Steinbeck
33%
France 1852-1931 Joseph Joffre
33%
Poland 1867-1935 Jozef Pilsudski
33%
Norway 1887-1945 Vidkun Quisling
33%
China 1898-1976 Zhou Enlai
33%
United States 1906-1990 Curtis LeMay
31%
United States 1855-1937 Andrew Mellon
30%
Japan 1884-1943 Yamamoto Isoruku
30%
Bulgaria 1861-1948 Ferdinand I
29%
China 1898-2003 Soong Mei-ling
29%
China 1866-1925 Sun Yat-sen
27%
Croatia 1889-1959 Ante Pavelic
25%
United States 1885-1966 Chester W. Nimitz
25%
France 1851-1929 Ferdinand Foch
25%
United States 1885-1945 George S. Patton
25%
United Kingdom 1852-1928 Herbert Henry Asquith
25%
Italy 1871-1956 Pietro Badoglio
25%
Korea 1875-1965 Syngman Rhee (Yi Seungman)
25%
Japan 1879-1926 Taisho Emperor
25%
Yugoslavia 1888-1934 Alexander I
22%
China 1907-1971 Lin Biao
22%
United States 1893-1981 Omar Bradley
22%
United States 1896-1940 F. Scott Fitzgerald
20%
Finland 1867-1951 Gustaf Emil Mannerheim
20%
Japan 1856-1921 Hara Takashi
20%
Turkey 1884-1973 Ismet Inonu
20%
United States 1860-1948 John J. Pershing
20%
United States 1883-1946 Joseph Stilwell
20%
Soviet Union 1899-1953 Lavrentiy Beria
20%
Romania 1921-2017 Michael I
20%
Siam/Thailand 1925-1946 Rama VIII (Ananda Mahidol)
20%
Brazil 1882-1954 Getulio Vargas
17%
Greece 1871-1941 Ioannis Metaxas
17%
Philippines 1891-1959 Jose P. Laurel
17%
Ottoman Empire 1874-1921 Mehmed Talaat Pasha
17%
Spain 1870-1930 Miguel Primo de Rivera
17%
China 1898-1974 Peng Dehuai
17%
Soviet Union 1890-1986 Vyacheslav Molotov
17%
Spain 1880-1940 Manuel Azana
14%
China 1886-1976 Zhu De
14%
Spain 1886-1941 Alfonso XIII
13%
China 1893-1966 Bai Chongxi
13%
China 1890-1969 Li Zongren
13%
Japan 1885-1946 Yamashita Tomoyuki
13%
United Kingdom 1850-1916 Herbert Kitchener
11%
China 1859-1916 Yuan Shikai
11%
Burma 1893-1977 Ba Maw
10%
Austria 1892-1934 Engelbert Dollfuss
10%
Japan 1878-1948 Matsui Iwani
9%
Siam/Thailand 1897-1964 Plaek Phibunsongkhram
8%
Ottoman Empire 1872-1922 Ahmed Djemal Pasha
0%
Soviet Union 1881-1938 Alexei Rykov
0%
Italy 1861-1928 Armando Diaz
0%
Bulgaria 1894-1943 Boris III
0%
Austria-Hungary 1887-1922 Charles I
0%
Romania 1865-1927 Ferdinand I
0%
United States 1898-1937 George Gershwin
0%
United States 1893-1935 Huey Long
0%
Japan 1889-1949 Ishiwara Kanji
0%
Japan 1891-1945 Konoe Fumimaro
0%
Finland 1873-1940 Kyosti Kallio
0%
Philippines 1878-1944 Manuel L. Quezon
0%
Soviet Union 1895-1975 Nikolai Bulganin
0%
France 1883-1945 Pierre Laval
0%
Siam 1881-1925 Rama VI (Vajiravudh)
0%
Iran 1878-1944 Reza Shah Pahlavi
0%
Korea 1902-1920 Ryu Gwan-sun
0%
United States 1888-1965 T. S. Eliot
0%
Italy 1860-1952 Vittorio Emanuele Orlando
0%
United States 1875-1959 William D. Leahy
0%
Canada 1874-1950 William Lyon Mackenzie King
0%
Korea 1908-1932 Yun Bong-gil
0%
No matching quizzes found
Score Distribution
Percent of People with Each Score
Percentile by Number Answered
Your Score History
You have not taken this quiz